Online
Catalog

La cabaña del tio Tom / (Record no. 22235)

MARC details
000 -CABECERA
campo de control de longitud fija 00770nam a2200229 a 4500
001 - NÚMERO DE CONTROL
campo de control 000022738
005 - FECHA Y HORA DE LA ÚLTIMA TRANSACCIÓN
campo de control 20200930021752.0
008 - DATOS DE LONGITUD FIJA--INFORMACIÓN GENERAL
campo de control de longitud fija 101117s1974 sp r 000 0 spa d
020 ## - NÚMERO INTERNACIONAL ESTÁNDAR DEL LIBRO
Número Internacional Estándar del Libro 8432504882
020 ## - NÚMERO INTERNACIONAL ESTÁNDAR DEL LIBRO
Número Internacional Estándar del Libro 8432504998
040 ## - FUENTE DE LA CATALOGACIÓN
Centro catalogador/agencia de origen DO-SdBNP
Lengua de catalogación spa
Centro/agencia transcriptor BNPHU
082 ## - NÚMERO DE LA CLASIFICACIÓN DECIMAL DEWEY
Número de clasificación 813.4
Número de documento/Ítem B414c
100 1# - ENTRADA PRINCIPAL--NOMBRE DE PERSONA
Nombre de persona Beecher Stowe, Harriet,
Fechas asociadas al nombre 1811-1896
9 (RLIN) 46723
245 13 - MENCIÓN DE TÍTULO
Título La cabaña del tio Tom /
Mención de responsabilidad, etc. Harriet Beecher Stowe ; traducción Víctor Simancas.
260 ## - PUBLICACIÓN, DISTRIBUCIÓN, ETC.
Lugar de publicación, distribución, etc. Barcelona :
Nombre del editor, distribuidor, etc. Doncel,
Fecha de publicación, distribución, etc. 1974.
300 ## - DESCRIPCIÓN FÍSICA
Extensión 2 v. ;
Dimensiones 18 cm.
490 1# - MENCIÓN DE SERIE
Mención de serie Libro joven de bolsillo ;
Designación de volumen o secuencia 57/ 58
650 #4 - PUNTO DE ACCESO ADICIONAL DE MATERIA--TÉRMINO DE MATERIA
Término de materia o nombre geográfico como elemento de entrada Novela estadounidense
9 (RLIN) 262
650 #4 - PUNTO DE ACCESO ADICIONAL DE MATERIA--TÉRMINO DE MATERIA
Término de materia o nombre geográfico como elemento de entrada Literatura estadounidense
Subdivisión cronológica SIGLO XIX
9 (RLIN) 12793
700 1# - PUNTO DE ACCESO ADICIONAL--NOMBRE DE PERSONA
Nombre de persona Simancas, Víctor,
Término indicativo de función/relación traductor
9 (RLIN) 46724
830 #0 - PUNTO DE ACCESO ADICIONAL DE SERIE-TÍTULO UNIFORME
Título uniforme Libro joven de bolsillo ;
Número de parte o sección de la obra 57/58
9 (RLIN) 46725
Holdings
Estado de retiro Estado de pérdida Restricciones de uso No para préstamo Código de colección Localización permanente Ubicación/localización actual Ubicación en estantería Fecha de adquisición Número de inventario Total de préstamos Signatura topográfica completa Código de barras Fecha visto por última vez Precio válido a partir de Tipo de ítem Koha
      Excluido de préstamo Monografías: Libros y Folletos General General Depósito 17.11.2010 LF1   v.1 22738-10 25.06.2020 25.06.2020 No se presta
      Excluido de préstamo Monografías: Libros y Folletos General General Depósito 17.11.2010 LF1   v.1, e. 2 22738-20 25.06.2020 25.06.2020 No se presta
        Monografías: Libros y Folletos General General Depósito 17.11.2010 LF1   v.1, e. 3 22738-30 25.06.2020 25.06.2020 Préstamo en sala
      Excluido de préstamo Monografías: Libros y Folletos General General Depósito 17.11.2010 LF1   v. 2 22738-40 25.06.2020 25.06.2020 No se presta
      Excluido de préstamo Monografías: Libros y Folletos General General Depósito 17.11.2010 LF1   v. 2, e. 2 22738-50 25.06.2020 25.06.2020 No se presta
        Monografías: Libros y Folletos General General Depósito 17.11.2010 LF1   v. 2, e. 3 22738-60 25.06.2020 25.06.2020 Préstamo en sala
  Extraviado   Excluido de préstamo Monografías: Libros y Folletos General General Extraviado 25.05.2017 LF1   813.4 B414c 22738-70 25.06.2020 25.06.2020 No se presta

Powered by Koha